Catálogo

Fisiología humana : (Registro nro. 69809)

Detalles MARC
000 -LEADER
fixed length control field 01739nam a2200373 i 4500
001 - CONTROL NUMBER
control field 69809
003 - CONTROL NUMBER IDENTIFIER
control field Mx-PuUPA
005 - DATE AND TIME OF LATEST TRANSACTION
control field 20260427112309.0
008 - FIXED-LENGTH DATA ELEMENTS--GENERAL INFORMATION
fixed length control field 220711s2019 mx ad||fr|||| 00| 0 spa d
020 ## - INTERNATIONAL STANDARD BOOK NUMBER
International Standard Book Number 9786078546220
040 ## - CATALOGING SOURCE
Original cataloging agency Mx-PuUPA
Language of cataloging spa
Transcribing agency Mx-PuUPA
Modifying agency Mx-PuUPA
Description conventions rda
041 1# - LANGUAGE CODE
Language code of text/sound track or separate title spa
Language code of original eng
100 1# - MAIN ENTRY--PERSONAL NAME
Personal name Silverthorn, Dee Unglaub,
Dates associated with a name 1948-
Relator term autor
9 (RLIN) 4170
240 10 - UNIFORM TITLE
Uniform title Human physiology. A integrated approach.
Language of a work Español
245 10 - TITLE STATEMENT
Title Fisiología humana :
Remainder of title un enfoque integrado /
Statement of responsibility, etc. Dee Unglaub Silvertorn ; con la colaboración de Bruce R. Johnson ; coordinador de ilustración, Clarie E. Ober, [y otro] ; traducción por Adriana Morando [y tres más].
250 ## - EDITION STATEMENT
Edition statement 8a edición
264 #1 - PRODUCTION, PUBLICATION, DISTRIBUTION, MANUFACTURE, AND COPYRIGHT NOTICE
Place of production, publication, distribution, manufacture Ciudad de México :
Name of producer, publisher, distributor, manufacturer Editorial Médica Panamericana,
Date of production, publication, distribution, manufacture, or copyright notice 2019
300 ## - PHYSICAL DESCRIPTION
Extent xxii, 837 páginas :
Other physical details ilustraciones ;
Dimensions 28 cm
336 ## - CONTENT TYPE
Fuente rdacontent
Content type term texto
Content type code txt
337 ## - MEDIA TYPE
Source rdamedia
Media type term sin medio
Media type code n
338 ## - CARRIER TYPE
Source rdacarrier
Carrier type term volumen
Carrier type code nc
650 #7 - SUBJECT ADDED ENTRY--TOPICAL TERM
Source of heading or term armarc
Topical term or geographic name entry element Fisiología humana
650 #7 - SUBJECT ADDED ENTRY--TOPICAL TERM
Source of heading or term armarc
Topical term or geographic name entry element Biología humana
700 1# - ADDED ENTRY--PERSONAL NAME
Personal name Bruce R., Johnson,
Relator term colaborador
700 1# - ADDED ENTRY--PERSONAL NAME
Personal name Ober, Clarie E.,
Relator term coordinador
700 1# - ADDED ENTRY--PERSONAL NAME
Personal name Morando, Adriana,
Relator term traductor
765 0# - ORIGINAL LANGUAGE ENTRY
Main entry heading Silverthorn, Dee Unglaub, 1948-
Title Human physiology. A integrated approach.
Edition 8th edition
Place, publisher, and date of publication Madrid, España : Pearson Education, ©2019
942 ## - ADDED ENTRY ELEMENTS (KOHA)
Source of classification or shelving scheme Dewey Decimal Classification
Koha item type Libro
Classification part 612
Item part S58
Existencias
Withdrawn status Lost status Source of classification or shelving scheme Damaged status Not for loan Collection code Home library Current library Shelving location Date acquired Source of acquisition Cost, normal purchase price Total Checkouts Full call number Barcode Date last seen Date last checked out Cost, replacement price Price effective from Koha item type Copy number
    Dewey Decimal Classification     General Biblioteca Karol Wojtyla Biblioteca Karol Wojtyla Sala general 10/07/2024 1 1886.00 23 612 S5818 2019 102837 08/05/2026 26/03/2026 1886.00 10/07/2024 Reserva permanente  
    Dewey Decimal Classification     General Biblioteca Karol Wojtyla Biblioteca Karol Wojtyla Sala general 27/04/2026 1 2870.00   612 S5818 2019 106605 08/05/2026   2870.00 27/04/2026 Reserva permanente Ej.2